|
|
|
|
| LEADER |
00000cam a22000004a 4500 |
| 001 |
musev2_45937 |
| 003 |
MdBmJHUP |
| 005 |
20230905044813.0 |
| 006 |
m o d |
| 007 |
cr||||||||nn|n |
| 008 |
110502s1983 pau o 00 0 eng d |
| 020 |
|
|
|a 9781439907610
|
| 020 |
|
|
|z 9780877223061
|
| 035 |
|
|
|a (OCoLC)966898798
|
| 040 |
|
|
|a MdBmJHUP
|c MdBmJHUP
|
| 100 |
1 |
|
|a Miller, Fredric.
|
| 245 |
1 |
0 |
|a Still Philadelphia :
|b A Photographic History, 1890-1940 /
|c Fredric M. Miller, Morris J. Vogel, Allen F. Davis.
|
| 264 |
|
1 |
|a Philadelphia :
|b Temple University Press,
|c 1983.
|
| 264 |
|
3 |
|a Baltimore, Md. :
|b Project MUSE,
|c 2017
|
| 264 |
|
4 |
|c ©1983.
|
| 300 |
|
|
|a 1 online resource (290 pages):
|b illustrations
|
| 336 |
|
|
|a text
|b txt
|2 rdacontent
|
| 337 |
|
|
|a computer
|b c
|2 rdamedia
|
| 338 |
|
|
|a online resource
|b cr
|2 rdacarrier
|
| 505 |
0 |
|
|a Preface; Acknowledgements; Introduction; The City of the 1890s; Immigrant Havens; Workshop of the World; The Vision of Reform; A Gallery of Faces; Technologies of Change; The Rise of the Downtown; The New Philadelphia; The City of the 1930s; Sources; Index.
|
| 520 |
|
|
|a This is a book about Philadelphia and about photography, but it is not the usual book about either. On one level, this is the pictorial story of a great industrial metropolis in transition. It is the story of a railroad city, a city of trolleys and subways and horse-drawn vehicles, as it gradually succumbed to the automobile. It is the story of a city filled with neighborhood industry giving way to suburbs, to commuter travel, and to a change in the very nature of work. It is the story of a city spreading out, expanding and doubling in population in fifty years. It is the story of urba.
|
| 588 |
|
|
|a Description based on print version record.
|
| 651 |
|
7 |
|a Pennsylvania
|z Philadelphia.
|2 fast
|0 (OCoLC)fst01204170
|
| 651 |
|
6 |
|a Philadelphie (Penns.)
|x Moeurs et coutumes
|v Ouvrages illustres.
|
| 651 |
|
0 |
|a Philadelphia (Pa.)
|x Social life and customs
|v Pictorial works.
|
| 651 |
|
0 |
|a Philadelphia (Pa.)
|v Pictorial works.
|
| 650 |
|
7 |
|a Manners and customs.
|2 fast
|0 (OCoLC)fst01007815
|
| 650 |
|
7 |
|a PHOTOGRAPHY
|x Subjects & Themes
|x Architectural & Industrial.
|2 bisacsh
|
| 650 |
|
7 |
|a HISTORY
|x State & Local
|x General.
|2 bisacsh
|
| 650 |
|
7 |
|a HISTORY
|x State & Local.
|2 bisacsh
|
| 655 |
|
7 |
|a Pictorial works.
|2 fast
|0 (OCoLC)fst01423874
|
| 655 |
|
7 |
|a Electronic books.
|2 local
|
| 700 |
1 |
|
|a Davis, Allen Freeman,
|d 1931-
|
| 700 |
1 |
|
|a Vogel, Morris J.
|
| 710 |
2 |
|
|a Project Muse.
|e distributor
|
| 830 |
|
0 |
|a Book collections on Project MUSE.
|
| 856 |
4 |
0 |
|z Texto completo
|u https://projectmuse.uam.elogim.com/book/45937/
|
| 945 |
|
|
|a Project MUSE - Custom Collection
|
| 945 |
|
|
|a Project MUSE - Archive Complete Supplement V
|
| 945 |
|
|
|a Project MUSE - Archive US Regional Studies, New England and Mid Atlantic Supplement V
|